| 000 | 01160nam a22002897a 4500 | ||
|---|---|---|---|
| 999 |
_c3131 _d3131 |
||
| 003 | AR-CdUCM | ||
| 008 | 190306b ||||| |||| 00| 0 spa d | ||
| 040 |
_aMUNICIPALIDAD PROVINCIAL DEL CUSCO _cBIBLIOTECA MUNICIPAL DEL CUSCO |
||
| 041 | _hfr | ||
| 082 |
_a848.43 / _2M81 |
||
| 100 |
_aMoliere, Jean Baptiste Poquelin _910557 |
||
| 245 | _aEl enfermo Imaginario. El médico a palos / | ||
| 260 |
_aEspaña : _bSalvat Editores, _c1969. |
||
| 300 |
_a187 páginas ; _c17.5 cm. |
||
| 440 |
_aLibro RTV _n8 _910558 |
||
| 505 | _aContenido: El enfermo imaginario: comedia con intermedios musicales y danzas (17 - 134 páginas) El médico a palos: comedia en tres actos, en prosa (135 - 187 páginas). | ||
| 650 |
_aTeatro francés - Siglo XVII _910559 |
||
| 650 |
_aMoliere _910560 |
||
| 650 |
_aEl enfermo imaginario - Teatro _910561 |
||
| 650 |
_aEl médico a palos - Teatro _910562 |
||
| 650 |
_aLiteratura Francesa - Clásicos _910563 |
||
| 700 |
_aLoéz Sancho, Lorenzo (Prólogo) _910564 |
||
| 700 |
_aRaurell Millás, J. (Traductor) _910565 |
||
| 700 |
_aFernández de Moratín, L. (Traductor) _910566 |
||
| 942 |
_2ddc _cLIBROS |
||
| 945 | _apjha | ||